Online
Catalog

Español estructural y literatura / (Record no. 46796)

MARC details
000 -CABECERA
campo de control de longitud fija 00473nam a2200157 a 4500
001 - NÚMERO DE CONTROL
campo de control 000047308
005 - FECHA Y HORA DE LA ÚLTIMA TRANSACCIÓN
campo de control 20201002053533.0
008 - DATOS DE LONGITUD FIJA--INFORMACIÓN GENERAL
campo de control de longitud fija 180501s1985 dr 000 spa d
040 ## - FUENTE DE LA CATALOGACIÓN
Centro catalogador/agencia de origen DO-SdBNP
Lengua de catalogación spa
Centro/agencia transcriptor BNPHU
090 ## - LOCALMENTE ASIGNADO TIPO-LC NÚMERO DE CLASIFICACIÓN (OCLC); NÚMERO DE CLASIFICACIÓN LOCAL (RLIN)
Número de clasificación (OCLC) (R) ; Numero de clasificación, CALL (RLIN) (NR) xxx
Número cutter local (OCLC) ; Número de libro/Signatura topográfica íntegra, CALL (RLIN) E771
100 ## - ENTRADA PRINCIPAL--NOMBRE DE PERSONA
Nombre de persona Marrero-Aizpurúa, Lucila
9 (RLIN) 23813
245 #0 - MENCIÓN DE TÍTULO
Título Español estructural y literatura /
Mención de responsabilidad, etc. Lucila Marrero-Aizpurúa.
260 ## - PUBLICACIÓN, DISTRIBUCIÓN, ETC.
Lugar de publicación, distribución, etc. Santo Domingo :
Nombre del editor, distribuidor, etc. Corripio,
Fecha de publicación, distribución, etc. 1985.
300 ## - DESCRIPCIÓN FÍSICA
Extensión 125 p. ;
Dimensiones 27 cm.
590 ## - NOTA LOCAL (RLIN)
Nota local Inventariado, 2019 / DG
Holdings
Estado de retiro Estado de pérdida No para préstamo Código de colección Localización permanente Ubicación/localización actual Ubicación en estantería Fecha de adquisición Número de inventario Total de préstamos Signatura topográfica completa Código de barras Fecha visto por última vez Precio válido a partir de Tipo de ítem Koha
    Excluido de préstamo Patrimonio Dominicano Patrimonio Dominicano Patrimonio Dominicano Depósito 01.05.2018 LF1   47308-10 25.06.2020 25.06.2020 Libro y Folleto Colección Patrimonio Dominicano

Powered by Koha